Score 0/25 Timer 08:00
8 Plays Today
% Correct
Raiders of the Lost Ark
84.2%
Ocean's Eleven
75.4%
Harry Potter and the Goblet of Fire
74%
Juno
68.5%
A Beautiful Mind
62.8%
Apollo 13
56.2%
Bridesmaids
54.5%
The Truman Show
54.5%
We're the Millers
53.1%
Dr. Strangelove or: How I Learned to Stop Worrying and Love the Bomb
50.1%
Ant-Man
42%
Midnight Cowboy
38.4%
Léon: The Professional
37.5%
% Correct
Bridge of Spies
33.7%
Eyes Wide Shut
31.9%
Desperado
31.5%
Willy Wonka & the Chocolate Factory
30.9%
Scent of a Woman
29.9%
Driving Miss Daisy
28.5%
Robin Hood: Prince of Thieves
28.1%
The Town
24.1%
The Thin Red Line
22.6%
The Adventures of Tintin
22.5%
Do the Right Thing
22.4%
Meet Joe Black
21.8%
Remove Ads.
Support Sporcle.
Get the best of Sporcle when you Go Orange. This ad-free experience offers more features, more stats, and more fun while also helping to support Sporcle. Thank you for becoming a member.

You're not logged in!

Compare scores with friends on all Sporcle quizzes.
OR
Log In

Show Comments

Extras

Top Quizzes Today


Score Distribution

Your Account Isn't Verified!

In order to create a playlist on Sporcle, you need to verify the email address you used during registration. Go to your Sporcle Settings to finish the process.

Report this User

Report this user for behavior that violates our Community Guidelines.

Details: